MARC

LEADER 00000nam a2200000 a 4500
005 20110707145944.0
007 cr |||||||||||
008 110615s2008 sp |||||| o000 ||spa|c
020 |a 9788470887475  |z 9788473512770 
035 |a 5529 
040 |d vLex 
090 |c 2184  |d 2184 
100 1 |a Přez Juan, Jos ̌Antonio 
245 1 3 |a El Ministerio de Comercio, Instruccin̤ y Obras Pb︢licas (1847-1851)  |h [Recurso electrn̤ico] /  |c Jos ̌Antonio Přez Juan 
256 |a Servicio en ln̕ea. 
260 |a Madrid :  |b Ministerio de Administraciones Pb︢licas, Instituto Nacional de Administracin̤ Pb︢lica ;  |a Elche :  |b Universidad Miguel Hernǹdez de Elche,  |c 2008 
300 |a 1 recurso electrn̤ico (172 p.) 
500 |a Descripcin̤ del recurso: 15 junio 2011 
506 1 |a Contenido solo disponible en los productos indicados  |d vLex Global  |d vLex Global (Academic Edition, excluding Law Schools)  |d vLex Global (U.S. Academic Edition, Law Schools)  |d vLex Global (U.S. Academic Edition, excluding Law Schools)  |d vLex Global (Academic Edition, Law Schools) 
610 1 4 |a Espaą.  |b Ministerio de Comercio, Instruccin̤ y Obras Pb︢licas  |x Historia  |y S. XIX 
650 0 7 |2 Tesauro vLex  |a Administracin̤ territorial 
650 0 7 |2 Tesauro vLex  |a Administracin̤ General del Estado 
650 0 7 |2 Tesauro vLex  |a Ministerios 
710 2 |a Instituto Nacional de Administracin̤ Pb︢lica (Espaą) 
710 2 |a Universidad Miguel Hernǹdez 
740 0 |a vLex Libros (Servicio en ln̕ea) 
856 4 0 |z Acceso restringido  |u http://vlex.com/source/ministerio-comercio-instruccion-obras-publicas-1847-1851-5529 
942 |c BOOK